[Event "Titled Tuesday intern op 02nd Apr Early"]
[Site "Chess.com INT"]
[Date "2024.04.02"]
[Round "4"]
[White "Harriott, Tyrell"]
[Black "Roberson, Peter T"]
[Result "0-1"]
[WhiteElo "1884"]
[BlackElo "2426"]
[PlyCount "60"]
[EventDate "2024.04.02"]
[EventType "swiss (blitz)"]
[EventRounds "11"]
[EventCountry "USA"]
[SourceTitle "CB15_2024"]
[SourceDate "2024.04.10"]
[SourceVersion "1"]
[SourceVersionDate "2024.04.10"]
[SourceQuality "1"]

1. d4 c5 2. e3 g6 3. c3 Bg7 4. Bd3 b6 5. f4 Bb7 6. Nf3 Nf6 7. 0-0 d6 8. Nbd2 Nbd7 9. Qe1 Qc7 10. a3 0-0 11. f5 e5 12. fxg6 e4 13. gxh7+ Kh8 14. Nh4 exd3 15. Nf5 Nxh7 16. Nxg7 Kxg7 17. Qh4 Ndf6 18. Nf3 Rae8 19. Ng5 Be4 20. dxc5 Re5 21. Nh3 dxc5 22. Rf4 Qc6 23. Qg3+ Kh8 24. Rh4 Rf5 25. Nf4 Rg8 26. Qh3 Rxf4 27. Rxf4 Bxg2 28. Qh4 Bh1+ 29. Kf1 Qg2+ 30. Ke1 Qe2# 0-1

[Event "Titled Tuesday intern op 02nd Apr Late"]
[Site "Chess.com INT"]
[Date "2024.04.02"]
[Round "1"]
[White "Ho, In Hei Henry"]
[Black "Roberson, Peter T"]
[Result "0-1"]
[WhiteElo "1762"]
[BlackElo "2426"]
[PlyCount "54"]
[EventDate "2024.04.02"]
[EventType "swiss (blitz)"]
[EventRounds "11"]
[EventCountry "USA"]
[SourceTitle "CB15_2024"]
[SourceDate "2024.04.10"]
[SourceVersion "1"]
[SourceVersionDate "2024.04.10"]
[SourceQuality "1"]

1. d4 c5 2. d5 g6 3. c4 Bg7 4. e4 d6 5. Nf3 Bg4 6. Be2 Nf6 7. Nc3 0-0 8. 0-0 Na6 9. h3 Bxf3 10. Bxf3 Nc7 11. Re1 a6 12. Bg5 Rb8 13. Qc2 b5 14. cxb5 Nxb5 15. Nxb5 axb5 16. Rab1 Nd7 17. Be2 Re8 18. Rf1 c4 19. Be3 Qc7 20. Qd2 Nc5 21. f3 b4 22. Bd4 e5 23. dxe6 Nxe6 24. Bxg7 Kxg7 25. Rfc1 c3 26. bxc3 bxc3 27. Rxb8 Qa7+ 0-1

[Event "Titled Tuesday intern op 02nd Apr Late"]
[Site "Chess.com INT"]
[Date "2024.04.02"]
[Round "3"]
[White "Roberson, Peter T"]
[Black "Rose, Felix"]
[Result "1-0"]
[WhiteElo "2426"]
[BlackElo "2091"]
[PlyCount "109"]
[EventDate "2024.04.02"]
[EventType "swiss (blitz)"]
[EventRounds "11"]
[EventCountry "USA"]
[SourceTitle "CB15_2024"]
[SourceDate "2024.04.10"]
[SourceVersion "1"]
[SourceVersionDate "2024.04.10"]
[SourceQuality "1"]

1. e4 e5 2. Nf3 Nc6 3. Bc4 Nf6 4. d3 Bc5 5. 0-0 d6 6. Be3 Bb6 7. Nbd2 h6 8. c3 Ne7 9. d4 Ng6 10. Re1 0-0 11. a4 c6 12. Nf1 Nxe4 13. dxe5 Bxe3 14. Rxe3 d5 15. Bd3 Ng5 16. Nd4 Qc7 17. e6 Nf4 18. exf7+ Qxf7 19. Ng3 Nxd3 20. Qxd3 Qxf2+ 21. Kh1 Bd7 22. Re2 Qf6 23. a5 a6 24. b4 Rae8 25. Rae1 Rxe2 26. Qxe2 Re8 27. Qd1 Rxe1+ 28. Qxe1 Kh7 29. h3 g6 30. Qe3 h5 31. h4 Ne4 32. Nxe4 Qxh4+ 33. Kg1 Qxe4 34. Qg3 Bf5 35. Qc7+ Kh6 36. Qd8 Qe1+ 37. Kh2 Qxc3 38. Qh8+ Kg5 39. Nf3+ Qxf3 40. gxf3 Kf4 41. Kg2 Ke3 42. Qe5+ Kd3 43. Qc7 d4 44. Qxb7 Kc3 45. Qxc6+ Kxb4 46. Qxa6 Kc3 47. Qc6+ Kd2 48. a6 d3 49. a7 Ke1 50. a8Q d2 51. Qa5 h4 52. Qd6 h3+ 53. Kg3 Kf1 54. Qdxd2 h2 55. Qe1# 1-0

[Event "British Rapidplay"]
[Site "Peterborough"]
[Date "2024.03.02"]
[Round "3"]
[White "Birtwistle, Nigel"]
[Black "Roberson, Peter T"]
[Result "0-1"]
[WhiteElo "2048"]
[BlackElo "2424"]
[PlyCount "52"]
[EventDate "2024.03.02"]
[EventType "swiss (rapid)"]
[EventRounds "11"]
[EventCountry "ENG"]
[SourceTitle "CB10_2024"]
[SourceDate "2024.03.06"]
[SourceVersion "1"]
[SourceVersionDate "2024.03.06"]
[SourceQuality "1"]

1. Nf3 d5 2. c4 d4 3. g3 Nc6 4. Bg2 e5 5. d3 Nf6 6. 0-0 Be7 7. b4 Nxb4 8. Nxe5 0-0 9. Nd2 c6 10. a3 Na6 11. Nb3 Nc5 12. Bd2 a5 13. Nf3 Ne6 14. a4 Re8 15. Qe1 Qb6 16. Rb1 Bb4 17. c5 Nxc5 18. Nbxd4 Nxd3 19. Qd1 Nc5 20. Qc2 Nce4 21. Be3 Nd5 22. Nf5 Qd8 23. N3h4 Nec3 24. Rb3 Be6 25. Bd4 Bxf5 26. Qxf5 Nxe2+ 0-1

[Event "British Rapidplay"]
[Site "Peterborough"]
[Date "2024.03.02"]
[Round "1"]
[White "Iyengar, Srihari R"]
[Black "Roberson, Peter T"]
[Result "0-1"]
[WhiteElo "1894"]
[BlackElo "2424"]
[PlyCount "64"]
[EventDate "2024.03.02"]
[EventType "swiss (rapid)"]
[EventRounds "11"]
[EventCountry "ENG"]
[SourceTitle "CB10_2024"]
[SourceDate "2024.03.06"]
[SourceVersion "1"]
[SourceVersionDate "2024.03.06"]
[SourceQuality "1"]

1. d4 Nf6 2. Nf3 d5 3. Bg5 Ne4 4. Bh4 Nc6 5. Nbd2 Bf5 6. c3 Qd7 7. e3 f6 8. Bb5 h5 9. Nxe4 Bxe4 10. Bg3 Bxf3 11. gxf3 h4 12. Qd3 0-0-0 13. 0-0-0 hxg3 14. fxg3 e6 15. h4 Kb8 16. Rhe1 a6 17. Ba4 Qd6 18. Kb1 Na5 19. f4 g5 20. hxg5 fxg5 21. e4 gxf4 22. e5 Qb6 23. gxf4 Rh2 24. Re2 Rxe2 25. Qxe2 Bh6 26. Qg4 Nc4 27. Bb3 Rf8 28. Bxc4 dxc4 29. Rf1 Qc6 30. Ka1 Rxf4 31. Qe2 Qe4 32. Qxc4 b5 0-1

[Event "British Rapidplay"]
[Site "Peterborough"]
[Date "2024.03.02"]
[Round "5"]
[White "Roberson, Peter T"]
[Black "Mikalajunas, Kajus"]
[Result "1-0"]
[WhiteElo "2424"]
[BlackElo "1940"]
[PlyCount "109"]
[EventDate "2024.03.02"]
[EventType "swiss (rapid)"]
[EventRounds "11"]
[EventCountry "ENG"]
[SourceTitle "CB10_2024"]
[SourceDate "2024.03.06"]
[SourceVersion "1"]
[SourceVersionDate "2024.03.06"]
[SourceQuality "1"]

1. e4 c6 2. d4 d5 3. Nd2 dxe4 4. Nxe4 Nf6 5. Nxf6+ exf6 6. Be3 Bd6 7. Bd3 0-0 8. Ne2 Re8 9. 0-0 Nd7 10. c4 Nf8 11. Qc2 Ng6 12. Ng3 Qc7 13. Rfe1 Be6 14. Rab1 Rad8 15. b4 Bf4 16. b5 cxb5 17. Rxb5 Bd7 18. Rbb1 Qa5 19. Ne4 Ba4 20. Qc3 Qh5 21. g3 Bxe3 22. Rxe3 f5 23. Nc5 Rxe3 24. fxe3 Bc6 25. d5 Qf3 26. Bf1 Rxd5 27. cxd5 Bxd5 28. Qd4 Qh1+ 29. Kf2 Qxh2+ 30. Ke1 Qxg3+ 31. Kd2 Bf3 32. Be2 Qg2 33. Re1 h5 34. Nd3 Be4 35. Nf4 Nxf4 36. exf4 Qg3 37. Qe3 Qg6 38. Rc1 h4 39. Bf3 Qd6+ 40. Ke1 Qb4+ 41. Qc3 Qb6 42. Kf1 Qa6+ 43. Kg1 Qxa2 44. Bxe4 fxe4 45. Qc8+ Kh7 46. Qf5+ g6 47. Qxe4 Qa3 48. Rc7 Qa1+ 49. Kg2 Qa2+ 50. Kh3 Kh6 51. Qf3 b5 52. Qg2 Qa3+ 53. Kxh4 f6 54. Qg5+ fxg5+ 55. fxg5# 1-0

[Event "Cambridge op 2nd"]
[Site "Cambridge"]
[Date "2024.02.23"]
[Round "8"]
[White "Roberson, Peter T"]
[Black "Gasanov, Eldar"]
[Result "1-0"]
[WhiteElo "2426"]
[BlackElo "2494"]
[PlyCount "67"]
[EventDate "2024.02.19"]
[EventType "swiss"]
[EventRounds "9"]
[EventCountry "ENG"]
[SourceTitle "CB09_2024"]
[SourceDate "2024.02.28"]
[SourceVersion "1"]
[SourceVersionDate "2024.02.28"]
[SourceQuality "1"]

1. e4 c5 2. Nf3 Nc6 3. d4 cxd4 4. Nxd4 e6 5. Nc3 Qc7 6. Ncb5 Qb8 7. Bd3 Nf6 8. 0-0 Be7 9. Qe2 Ne5 10. c4 Nxd3 11. Qxd3 0-0 12. Nc3 d6 13. Bg5 Rd8 14. f4 Bd7 15. Rae1 Be8 16. Kh1 Qc7 17. f5 Bd7 18. b3 a6 19. Qh3 Qc5 20. fxe6 fxe6 21. e5 dxe5 22. Nxe6 Qd6 23. Bxf6 Bxe6 24. Bxe7 Qxe7 25. Rxe5 Re8 26. Qg3 Qd7 27. h3 Bf7 28. Rd1 Qc6 29. Rd6 Qc8 30. Rg5 g6 31. Nd5 Bxd5 32. Rgxg6+ hxg6 33. Qxg6+ Kf8 34. Rf6+ 1-0

[Event "Cambridge op 2nd"]
[Site "Cambridge"]
[Date "2024.02.21"]
[Round "4"]
[White "Roberson, Peter T"]
[Black "Martyn, Rafe"]
[Result "0-1"]
[WhiteElo "2426"]
[BlackElo "2206"]
[PlyCount "118"]
[EventDate "2024.02.19"]
[EventType "swiss"]
[EventRounds "9"]
[EventCountry "ENG"]
[SourceTitle "CB09_2024"]
[SourceDate "2024.02.28"]
[SourceVersion "1"]
[SourceVersionDate "2024.02.28"]
[SourceQuality "1"]

1. Nc3 c5 2. e4 Nc6 3. Bb5 Nd4 4. Nf3 a6 5. Bd3 Nc6 6. 0-0 d6 7. a3 g6 8. Rb1 Bg7 9. b4 Nf6 10. bxc5 dxc5 11. a4 0-0 12. Bc4 Nd4 13. h3 Nd7 14. Nh2 Ne5 15. Ba2 b5 16. Nd5 e6 17. Ne3 bxa4 18. d3 Bd7 19. Bb2 Rb8 20. c3 Nb3 21. f4 Nc6 22. Nf3 Qc7 23. Nc4 Bh6 24. Nfe5 Nxe5 25. fxe5 Bg7 26. Bxb3 Rxb3 27. Qc2 Rfb8 28. Ba3 Rxb1 29. Rxb1 Rxb1+ 30. Qxb1 Bb5 31. Nd6 Bxe5 32. Nxb5 axb5 33. Qxb5 Bxc3 34. Bxc5 Qc8 35. d4 Qa8 36. Qc4 Bb2 37. d5 exd5 38. exd5 a3 39. Qa2 Qc8 40. Bd6 Qc2 41. Kh1 Qd3 42. Kh2 h5 43. h4 Kg7 44. Bg3 Bd4 45. d6 Bb2 46. Bf4 Qd4 47. Bg3 g5 48. hxg5 h4 49. g6 hxg3+ 50. Kh3 Qf6 51. gxf7 Qxf7 52. Qb1 Be5 53. Qd1 Qf5+ 54. Kh4 Qf6+ 55. Kh3 Qf5+ 56. Kh4 Kg6 57. d7 Qg5+ 58. Kh3 Qh6+ 59. Kg4 Qh5# 0-1

[Event "Cambridge op 2nd"]
[Site "Cambridge"]
[Date "2024.02.19"]
[Round "1"]
[White "Waller, Dan"]
[Black "Roberson, Peter T"]
[Result "0-1"]
[WhiteElo "2110"]
[BlackElo "2426"]
[PlyCount "70"]
[EventDate "2024.02.19"]
[EventType "swiss"]
[EventRounds "9"]
[EventCountry "ENG"]
[SourceTitle "CB09_2024"]
[SourceDate "2024.02.28"]
[SourceVersion "1"]
[SourceVersionDate "2024.02.28"]
[SourceQuality "1"]

1. e4 c5 2. Nf3 d6 3. Bb5+ Nd7 4. d4 cxd4 5. Qxd4 a6 6. Bxd7+ Bxd7 7. c4 Nf6 8. Bg5 e6 9. 0-0 Be7 10. Nc3 0-0 11. Rfe1 Qc7 12. Rad1 Rfd8 13. b3 b5 14. cxb5 axb5 15. a4 bxa4 16. bxa4 h6 17. Bd2 e5 18. Qd3 Bxa4 19. Nxa4 Rxa4 20. Rc1 Qb7 21. Rb1 Qa8 22. Rb4 Ra3 23. Qb1 Bf8 24. Rb7 Ra1 25. Qb3 Rd7 26. Rxd7 Nxd7 27. Rxa1 Qxa1+ 28. Ne1 Nc5 29. Qc2 Qd4 30. Be3 Qxe4 31. Qc3 d5 32. f3 Qb1 33. Bc1 Nb3 34. Bd2 Nxd2 35. Qxd2 Bb4 0-1

[Event "Titled Tuesday intern op 06th Feb Late"]
[Site "Chess.com INT"]
[Date "2024.02.06"]
[Round "6"]
[White "Adewumi, Tanitoluwa"]
[Black "Roberson, Peter T"]
[Result "1-0"]
[WhiteElo "2280"]
[BlackElo "2426"]
[PlyCount "49"]
[EventDate "2024.02.06"]
[EventType "swiss (blitz)"]
[EventRounds "11"]
[EventCountry "USA"]
[SourceTitle "CB07_2024"]
[SourceDate "2024.02.14"]
[SourceVersion "1"]
[SourceVersionDate "2024.02.14"]
[SourceQuality "1"]

1. e4 d6 2. d4 Nf6 3. Nc3 c6 4. Nf3 Bg4 5. Be3 e6 6. h3 Bh5 7. Bd3 d5 8. e5 Nfd7 9. g4 Bg6 10. Be2 c5 11. h4 cxd4 12. Nxd4 h5 13. gxh5 Bh7 14. h6 Nxe5 15. Bb5+ Nbd7 16. Qh5 Qf6 17. Bg5 Qg6 18. Qe2 a6 19. Nxd5 Bd6 20. Nf4 Qe4 21. hxg7 Rg8 22. Bxd7+ Kxd7 23. 0-0-0 Qxe2 24. Ndxe2 Rxg7 25. Bf6 1-0

[Event "Titled Tuesday intern op 06th Feb Early"]
[Site "Chess.com INT"]
[Date "2024.02.06"]
[Round "3"]
[White "Roberson, Peter T"]
[Black "Hubbard, Andrew"]
[Result "1-0"]
[WhiteElo "2426"]
[BlackElo "2109"]
[PlyCount "115"]
[EventDate "2024.02.06"]
[EventType "swiss (blitz)"]
[EventRounds "11"]
[EventCountry "USA"]
[SourceTitle "CB07_2024"]
[SourceDate "2024.02.14"]
[SourceVersion "1"]
[SourceVersionDate "2024.02.14"]
[SourceQuality "1"]

1. e4 e6 2. d3 d5 3. Nd2 Nf6 4. e5 Nfd7 5. f4 c5 6. g3 Nc6 7. Bg2 f6 8. exf6 Nxf6 9. Nh3 Bd6 10. 0-0 0-0 11. Nf3 e5 12. fxe5 Nxe5 13. Nf4 Bg4 14. h3 Nxf3+ 15. Bxf3 Bxf4 16. Bxf4 Bxh3 17. Re1 c4 18. dxc4 Qb6+ 19. Kh2 Bf5 20. cxd5 Qf2+ 21. Kh1 g5 22. Be5 Rae8 23. Rf1 Qc5 24. Bd4 Qd6 25. Kg2 g4 26. Be2 Qxd5+ 27. Kg1 Ne4 28. Bxg4 Nxg3 29. Bf3 Qd6 30. Rf2 Qg6 31. Rg2 Bh3 32. Bd5+ Be6 33. Bxe6+ Rxe6 34. Qd3 Qxd3 35. cxd3 Rg6 36. Re1 Nf5 37. Rxg6+ hxg6 38. Bc3 Kf7 39. Kg2 Rd8 40. Rh1 Rxd3 41. Rh7+ Ke6 42. Rxb7 Rg3+ 43. Kf2 Kd5 44. Rxa7 Ke4 45. Ra4+ Kd3 46. Rf4 Re3 47. Rf3 Ke4 48. Rxe3+ Nxe3 49. Bd2 Nc4 50. Bc3 g5 51. b3 Nd6 52. Kg3 Kf5 53. Bb4 Ne4+ 54. Kg2 g4 55. a4 Kf4 56. a5 Nf6 57. a6 Nd7 58. Ba5 1-0

[Event "Titled Tuesday intern op 06th Feb Early"]
[Site "Chess.com INT"]
[Date "2024.02.06"]
[Round "1"]
[White "Roberson, Peter T"]
[Black "Ivanov, Aleksandr Y"]
[Result "1-0"]
[WhiteElo "2426"]
[BlackElo "2068"]
[PlyCount "55"]
[EventDate "2024.02.06"]
[EventType "swiss (blitz)"]
[EventRounds "11"]
[EventCountry "USA"]
[SourceTitle "CB07_2024"]
[SourceDate "2024.02.14"]
[SourceVersion "1"]
[SourceVersionDate "2024.02.14"]
[SourceQuality "1"]

1. e4 e6 2. d3 d5 3. Nd2 c5 4. g3 Nc6 5. Bg2 Nf6 6. f4 g6 7. e5 Nd7 8. h4 h5 9. c4 Nb6 10. Ngf3 Be7 11. 0-0 a5 12. a3 a4 13. Qc2 Bd7 14. Nb1 Na5 15. Nfd2 Bc6 16. Nc3 Qd7 17. cxd5 exd5 18. Kh2 Qc7 19. d4 c4 20. f5 Nb3 21. Nxb3 axb3 22. Qf2 0-0-0 23. f6 Bf8 24. Bf4 Bh6 25. a4 Bxf4 26. Qxf4 Qd7 27. a5 Na8 28. Bh3 1-0

[Event "Titled Tuesday intern op 06th Feb Early"]
[Site "Chess.com INT"]
[Date "2024.02.06"]
[Round "5"]
[White "Sargissyan, Sargis"]
[Black "Roberson, Peter T"]
[Result "0-1"]
[WhiteElo "2275"]
[BlackElo "2426"]
[PlyCount "38"]
[EventDate "2024.02.06"]
[EventType "swiss (blitz)"]
[EventRounds "11"]
[EventCountry "USA"]
[SourceTitle "CB07_2024"]
[SourceDate "2024.02.14"]
[SourceVersion "1"]
[SourceVersionDate "2024.02.14"]
[SourceQuality "1"]

1. e4 d6 2. d4 Nf6 3. Nc3 c6 4. Bg5 Qb6 5. Qd2 Qxb2 6. Rb1 Qa3 7. Nf3 e6 8. Bd3 Be7 9. e5 dxe5 10. dxe5 Nd5 11. Ne4 Bxg5 12. Qxg5 Qa5+ 13. Kf1 0-0 14. Rb5 Qd8 15. Qh5 cxb5 16. Nfg5 h6 17. g3 Nd7 18. Nh7 Kxh7 19. Nf6+ Kh8 0-1

[Event "Titled Tuesday intern op 26th Sep Early"]
[Site "Chess.com INT"]
[Date "2023.09.26"]
[Round "2"]
[White "Mihajlovskij, Sergei"]
[Black "Roberson, Peter T"]
[Result "0-1"]
[WhiteElo "2314"]
[BlackElo "2433"]
[PlyCount "64"]
[EventDate "2023.09.26"]
[EventType "swiss (blitz)"]
[EventRounds "11"]
[EventCountry "USA"]
[SourceTitle "EXT 2024"]
[Source "ChessBase"]
[SourceDate "2023.10.10"]
[SourceVersion "1"]
[SourceVersionDate "2023.10.10"]
[SourceQuality "1"]

1. e4 c5 2. d4 cxd4 3. Qxd4 Nc6 4. Qd3 g6 5. Nc3 Bg7 6. Nf3 Nf6 7. Be2 0-0 8. Bg5 a6 9. 0-0 b5 10. Nd5 e6 11. Nxf6+ Bxf6 12. Bxf6 Qxf6 13. c3 Rd8 14. Qd6 Qe7 15. Rfd1 Qxd6 16. Rxd6 Kf8 17. a4 Ke7 18. Rd2 b4 19. Nd4 bxc3 20. bxc3 Na5 21. Rad1 Bb7 22. f3 Rac8 23. Rd3 Rc7 24. Bf1 Rdc8 25. Ne2 Nb3 26. Rb1 Nc5 27. Rd4 a5 28. Rb5 d6 29. Rb6 Bc6 30. Kf2 Bxa4 31. Rdxd6 Nd7 32. Rd2 Nxb6 0-1

[Event "Titled Tuesday intern op 26th Sep Early"]
[Site "Chess.com INT"]
[Date "2023.09.26"]
[Round "6"]
[White "Postny, Evgeny"]
[Black "Roberson, Peter T"]
[Result "0-1"]
[WhiteElo "2570"]
[BlackElo "2433"]
[PlyCount "98"]
[EventDate "2023.09.26"]
[EventType "swiss (blitz)"]
[EventRounds "11"]
[EventCountry "USA"]
[SourceTitle "EXT 2024"]
[Source "ChessBase"]
[SourceDate "2023.10.10"]
[SourceVersion "1"]
[SourceVersionDate "2023.10.10"]
[SourceQuality "1"]

1. e4 c5 2. Nf3 d6 3. d4 cxd4 4. Nxd4 Nf6 5. Nc3 a6 6. Be3 e5 7. Nb3 Be6 8. Be2 Be7 9. 0-0 Nbd7 10. Re1 0-0 11. a4 Rc8 12. a5 Rxc3 13. bxc3 Nxe4 14. Bd3 Nxc3 15. Bxh7+ Kxh7 16. Qd3+ f5 17. Qxc3 d5 18. Nc5 Bxc5 19. Bxc5 Nxc5 20. Qxc5 Qf6 21. Rab1 Rc8 22. Qd6 e4 23. Rb6 Qc3 24. Rf1 Rc6 25. Rxc6 Qxc6 26. Qxc6 bxc6 27. Rb1 d4 28. Rb6 Bd5 29. Kf1 Bc4+ 30. Ke1 Bb5 31. c4 dxc3 32. Kd1 Bd3 33. Rxc6 c2+ 34. Kd2 g6 35. h4 Kh6 36. g3 Kh5 37. Rb6 g5 38. Rf6 Kg4 39. Rg6 Kf3 40. Rxg5 Kxf2 41. Rxf5+ Kxg3 42. h5 e3+ 43. Kxd3 c1Q 44. Re5 Qd2+ 45. Ke4 e2 46. Rg5+ Kh4 47. Re5 e1Q+ 48. Kf5 Qxe5+ 49. Kxe5 Kxh5 0-1

[Event "Titled Tuesday intern op 26th Sep Early"]
[Site "Chess.com INT"]
[Date "2023.09.26"]
[Round "1"]
[White "Roberson, Peter T"]
[Black "Zakhartsov, Vladimir"]
[Result "0-1"]
[WhiteElo "2433"]
[BlackElo "2526"]
[PlyCount "54"]
[EventDate "2023.09.26"]
[EventType "swiss (blitz)"]
[EventRounds "11"]
[EventCountry "USA"]
[SourceTitle "EXT 2024"]
[Source "ChessBase"]
[SourceDate "2023.10.10"]
[SourceVersion "1"]
[SourceVersionDate "2023.10.10"]
[SourceQuality "1"]

1. e4 c5 2. Nf3 d6 3. d4 Nf6 4. Nc3 cxd4 5. Nxd4 g6 6. Be3 Bg7 7. Be2 Nc6 8. Qd2 0-0 9. 0-0 d5 10. Nxc6 bxc6 11. exd5 cxd5 12. Rad1 e6 13. Bh6 Rb8 14. b3 Qa5 15. Bxg7 Kxg7 16. Qd4 Rb4 17. Qd3 Bd7 18. Bf3 Rc8 19. a3 Rbb8 20. Ne2 Qxa3 21. Ra1 Qc5 22. c4 dxc4 23. bxc4 Rb4 24. Rfc1 a5 25. Qd2 a4 26. Nc3 Rxc4 27. Be2 Rxc3 0-1

[Event "Titled Tuesday intern op 19th Sep Late"]
[Site "Chess.com INT"]
[Date "2023.09.19"]
[Round "3"]
[White "Martinez Ramirez, Lennis"]
[Black "Roberson, Peter T"]
[Result "1-0"]
[WhiteElo "2464"]
[BlackElo "2433"]
[PlyCount "53"]
[EventDate "2023.09.19"]
[EventType "swiss (blitz)"]
[EventRounds "11"]
[EventCountry "USA"]
[SourceTitle "EXT 2024"]
[Source "ChessBase"]
[SourceDate "2023.10.10"]
[SourceVersion "1"]
[SourceVersionDate "2023.10.10"]
[SourceQuality "1"]

1. Nf3 Nf6 2. d4 e6 3. Bg5 h6 4. Bxf6 Qxf6 5. e4 d5 6. e5 Qd8 7. c3 c5 8. Nbd2 Nc6 9. a3 Qb6 10. Qb3 Bd7 11. Qxb6 axb6 12. Rc1 Be7 13. Bd3 g5 14. g4 h5 15. Rg1 hxg4 16. Rxg4 f5 17. exf6 Bxf6 18. Rg2 cxd4 19. cxd4 Nxd4 20. Rc7 Nxf3+ 21. Nxf3 Bxb2 22. Rxb7 Rxa3 23. Ke2 Bf6 24. Rxb6 0-0 25. Nxg5 Bd4 26. Nxe6+ Kh8 27. Nxd4 1-0

[Event "Titled Tuesday intern op 19th Sep Late"]
[Site "Chess.com INT"]
[Date "2023.09.19"]
[Round "5"]
[White "Mirzoev, Azer"]
[Black "Roberson, Peter T"]
[Result "1-0"]
[WhiteElo "2418"]
[BlackElo "2433"]
[PlyCount "83"]
[EventDate "2023.09.19"]
[EventType "swiss (blitz)"]
[EventRounds "11"]
[EventCountry "USA"]
[SourceTitle "EXT 2024"]
[Source "ChessBase"]
[SourceDate "2023.10.10"]
[SourceVersion "1"]
[SourceVersionDate "2023.10.10"]
[SourceQuality "1"]

1. c4 b6 2. Nc3 Bb7 3. e4 e6 4. d3 g6 5. Nge2 Bg7 6. g3 Ne7 7. Bg2 0-0 8. h4 h6 9. Be3 d5 10. exd5 exd5 11. Qd2 Kh7 12. Nf4 c6 13. cxd5 Nxd5 14. Nfxd5 cxd5 15. 0-0-0 Na6 16. Kb1 Nc5 17. d4 Ne4 18. Nxe4 dxe4 19. d5 Rc8 20. Bxe4 Re8 21. Bg2 Re5 22. Rhe1 Bxd5 23. Bxd5 Qf6 24. Bb3 Rb5 25. Bd4 Qf5+ 26. Qd3 Bxd4 27. Qxf5 Rxf5 28. Rxd4 Rxf2 29. Rd7 Kg7 30. Rxa7 Rc5 31. a4 g5 32. hxg5 Rxg5 33. Re3 Rg2 34. Rxf7+ Kg6 35. Rff3 Rh5 36. Bc2+ Kg5 37. Rf5+ Kg4 38. Rxh5 Kxh5 39. Rb3 Kg5 40. Rb5+ Kg4 41. Rxb6 Rxg3 42. Rg6+ 1-0

[Event "London Mindsports op"]
[Site "London"]
[Date "2023.09.15"]
[Round "6"]
[White "Gordon, Frederick"]
[Black "Roberson, Peter T"]
[Result "1-0"]
[WhiteElo "2302"]
[BlackElo "2433"]
[PlyCount "93"]
[EventDate "2023.09.13"]
[EventType "swiss"]
[EventRounds "9"]
[EventCountry "ENG"]
[SourceTitle "EXT 2024"]
[Source "ChessBase"]
[SourceDate "2023.10.10"]
[SourceVersion "1"]
[SourceVersionDate "2023.10.10"]
[SourceQuality "1"]

1. e4 e6 2. d4 d5 3. Nd2 c5 4. Ngf3 cxd4 5. Nxd4 Nc6 6. Bb5 Bd7 7. Nxc6 bxc6 8. Bd3 Qc7 9. Qe2 Ne7 10. 0-0 Ng6 11. Nf3 Bd6 12. Re1 dxe4 13. Bxe4 0-0 14. Bd2 f5 15. Bd3 Rae8 16. Bc4 h6 17. Rad1 Bc8 18. h4 Qe7 19. h5 Nf4 20. Bxf4 Bxf4 21. Ne5 Bxe5 22. Qxe5 Qh4 23. Be2 Rd8 24. Bf3 Kh7 25. Qc3 Rxd1 26. Rxd1 Rd8 27. Rxd8 Qxd8 28. Qxc6 e5 29. Bd5 Bd7 30. Qg6+ Kh8 31. Qf7 f4 32. c4 Bg4 33. Be4 Qg8 34. Qg6 Be6 35. b3 a5 36. c5 Bd5 37. c6 Bxe4 38. Qxe4 Qd8 39. Qxe5 f3 40. c7 Qd1+ 41. Kh2 Qd7 42. gxf3 a4 43. Qc5 Qc8 44. Qe7 Kh7 45. Qd8 Qf5 46. c8Q Qe5+ 47. Kg2 1-0